• 首页
  • 本馆介绍
  • 公告通知
  • 最新文献
  • 馆藏检索
  • 电子资源
  • 读者导购
  • 参考咨询
  • 我的图书馆
  • 登录
  • 详细信息显示
  • 放入我的书架
  • 预约/预借图书
  • 作者相关作品
  • 分类相关作品
  • 丛书相关作品
  • 出版社相关作品

书目信息

  • 表格格式
  • 工作单格式
  • 卡片格式
书名: Encyclopaedic dictionary of physics
作者: editor-in-chief: J. Thewlis, associate editors: R.C. Glass, D.J. Hughes, A.R. Meetham.
分册号:
分册名:
出版地: Oxford ;
 
出版社: Pergamon Press
出版时间: 1961-64.
页数: 3 v. 404p :
开本: 26 cm.
丛书名:
中图分类号:
科图分类号:
其他分类号: O4-61
主题词:
电子资源:
000 00799cam 2200205Ma 4504
001 E0761772104
005 20070209171650.10
008 910404m19611964nyua d 00000 eng
010    @a60007069
020    @cCNY3.30.
040    @aDLC@cPUL@dDNU
090    @aP310.43/W1
090    @aO4-61
099    @dO4-61@ex1
245 00 @aEncyclopaedic dictionary of physics :@bgeneral, nuclear, solid state, molecular, chemical, metal and vacuum physics, astronomy, geophysics, biophysics, and related subjects / @ceditor-in-chief: J. Thewlis, associate editors: R.C. Glass, D.J. Hughes, A.R. Meetham.
260 0  @aOxford ;@aNew York :@bPergamon Press,@c1961-64.
300    @a3 v. 404p :@bill. ;@c26 cm.
504    @aIncludes bibliographies.
650  0 @aPhysics@xDictionaries.
920    @a232010@z2
    
    Encyclopaedic dictionary of physics : : general, nuclear, solid state, molecular, chemical, metal and vacuum physics, astronomy, geophysics, biophysics, and related subjects / / editor-in-chief: J. Thewlis, associate editors: R.C. Glass, D.J. Hughes, A.R. Meetham.-Oxford ; ; New York : : Pergamon Press, , 1961-64.
    3 v. 404p : : ill. ; ; 26 cm.
    Includes bibliographies.
    
    ISBN CNY3.30.
    
●
相关链接 在E读中查询图书 在五车中查询图书 在当当中查询图书 在豆瓣中查询图书


正题名:Encyclopaedic dictionary of physics     索取号:O4-61/x1         预约/预借

序号 登录号 条形码 馆藏地/架位号 状态 备注
1 01622   000451647   第四借阅区/ [索取号:O4-61/x1] 在馆    
2 01623   000451601   第四借阅区/ [索取号:O4-61/x1] 在馆    
唐山师范学院图书馆 欢迎您!
大连网信软件有限公司© 版权所有